003780000a2200097000450024501080000004400130010804100130012165100220013410000190015677301050017510aDiscovery of the richest frog fauna in the worldsan exploration of the forests to the north of Leticis aColombia0 aInglés 4pColombiamLeticia1 aLynch, John D.1 tRevista de la Academia Colombiana de ciencias exactas, físicas y naturalesh113q581-588d2005g29